| 000 | 00514 a2200193 4500 | ||
|---|---|---|---|
| 003 | OSt | ||
| 005 | 20180116182906.0 | ||
| 008 | 160426b xxu||||| |||| 00| 0 eng d | ||
| 020 | _a614861486148 | ||
| 040 | _c0 | ||
| 082 | _a111 | ||
| 100 | _aDr.Sirisha. | ||
| 110 | _aICFAI | ||
| 245 |
_aHuman Resource Management System Reforms at Matsushita _cICMR Case Collection |
||
| 250 | _aHROB 028 | ||
| 260 |
_aIndia _bICFAI Center for Management Research _c2003 |
||
| 300 | _a32p | ||
| 942 |
_aNBS _cCS _k111 ICF _2ddc |
||
| 999 |
_c347985 _d347985 |
||